home page   АИС "Историко-культурное наследие Беларуси"
  Базовый | Расширенный | Профессиональный | Словарь персоналий | Тематический словарь | По видам объектов История запросов  Заказы    Регистрация

Запись в MARC-формате

копировать MARC-запись

=LDR  00000nx\\c22002173\\45\\
=001  BY-NLB-ar4397531
=005  20160330095634.2
=100  \\$a20110831abely50\\\\\\ca0
=152  \\$apsbo
=160  \\$ae-bw
=215  \\$aКасцёл святых Анёлаў-Ахоўнікаў (Раготна, вёска; Дзятлаўскі раён)
=300  1\$aПомнік архітэктуры позняга класіцызму. Пабудаваны ў 1840 г. У 1866 г. быў ператвораны ў Ражджства-Багародзіцкую царкву. У 1920-я гады быў вернуты католікам. Закрыты ў 1947 г., зноў адкрыты ў 1989 г.
=356  \\$aЗнаходзіцца ва ўсходняй частцы в. Раготна, Дзятлаўскі раён Гродзенскай вобласці.
=415  \\$aРаготненскі храм
=415  \\$5a$aРажджаства-Багародзіцкі храм (Раготна, вёска; Дзятлаўскі раён)
=415  \\$aРажджаства-Багародзіцкая царква (Раготна, вёска; Дзятлаўскі раён) $5a
=515  \\$5w$3BY-NLB-ar4397521$aКостел святых Ангелов-Хранителей (Роготно, деревня; Дятловский район)
=801  \0$aBY$bBY-HM0000$c20110831
=810  \\$aВозвращение упраздненных костелов римско-католической церкви: микроанализ проблемы (нач. XX в.) / Андрей Ганчар // Шлях да ўзаемнасці : матэрыялы XV міжнароднай навуковай канферэнцыі (Гродна, 13―14 лістапада 2008 года). ― Гродна, 2009. ― С. 112―115.
=810  \\$aКаталіцкія храмы Беларусі / А. М. Кулагін. — Мінск, 2008.
=999  \\$f742$t20110831

Чтобы вернуться назад, щелкните кнопку BACK на Вашем браузере